| 000 | 00480nkm a2200169 i 4500 | ||
|---|---|---|---|
| 001 | 114766 | ||
| 003 | ES-MaACL | ||
| 005 | 20230906190239.0 | ||
| 007 | t| | ||
| 008 | 070326q19001950it --- |001||ita d | ||
| 245 | 0 | 0 |
_aRicordo di Milano _b: [24 vedute] [ _hFotografía]. |
| 260 |
_a[S.l. : _bs.n., _c19-?] |
||
| 300 |
_a1 v. : _bfot. ; _c16 cm x 12 (pleg.) |
||
| 500 | _aColección de 24 fotograbados. | ||
| 651 | 4 |
_aMilán- _xDescripción. _9167362 |
|
| 852 |
_aES-MaACL _jC-294 |
||
| 999 |
_c114766 _d114766 |
||